| 000 | 00836nam a2200253Ia 4500 | ||
|---|---|---|---|
| 003 | IN-BaIIA | ||
| 008 | 211028s9999 xx 000 0 eng d | ||
| 020 | _a3-540-13017-9 | ||
| 040 | _cIIA Library | ||
| 080 | _a048:1:52/83-33 | ||
| 100 |
_aBohme, S. _99376 |
||
| 245 | 0 |
_aAstronomy and astrophysics abstracts _bvol. 33, pt. 1, literature 1983 _cBohme S…[et al.] |
|
| 260 |
_aBerlin _bSpringer-Verlag _c1983 |
||
| 300 | _ax, 815p. | ||
| 650 |
_aAbstracts-Astronomy and Astrophysics _96051 |
||
| 650 |
_aAstronomy and Astrophysics Abstracts _96052 |
||
| 650 | _aAstronomy and Astrophysics Thesaurus | ||
| 700 |
_aFricke, W. _99456 |
||
| 700 |
_aHefele, H. _99915 |
||
| 700 |
_aHeinrich, I. _99916 |
||
| 700 |
_aHofmann, W. _913111 |
||
| 700 |
_aKrahn, D. _913112 |
||
| 942 | _cBK | ||
| 999 |
_c7808 _d7808 |
||